City on leave : (Record no. 26529)
[ view plain ]
| 000 -LEADER | |
|---|---|
| fixed length control field | 00823cam a22002771 4500 |
| 001 - CONTROL NUMBER | |
| control field | 26529 |
| 003 - CONTROL NUMBER IDENTIFIER | |
| rucl marc code | BD-RjUL |
| 005 - DATE AND TIME OF LATEST TRANSACTION | |
| control field | 20211209051029.0 |
| 008 - FIXED-LENGTH DATA ELEMENTS--GENERAL INFORMATION | |
| fixed length control field | 140322t1963 nyu b 001 0 eng |
| 035 ## - SYSTEM CONTROL NUMBER | |
| System control number | (BD-RjUL)26599 |
| System control number | (OCoLC)1618079 |
| 040 ## - CATALOGING SOURCE | |
| Original cataloging agency | DLC |
| Transcribing agency | F |
| Modifying agency | OCoLC |
| -- | BD-RjUL |
| -- | DLC |
| Language of cataloging | eng |
| 041 ## - LANGUAGE CODE | |
| Language code of text/sound track or separate title | eng |
| 082 00 - DEWEY DECIMAL CLASSIFICATION NUMBER | |
| Classification number | 943.155087 |
| Author mark and year | WIC 1963 |
| 100 1# - MAIN ENTRY--PERSONAL NAME | |
| Personal name | Windsor, Philip. |
| 9 (RLIN) | 16512 |
| 245 10 - TITLE STATEMENT | |
| Title | City on leave : |
| Remainder of title | a history of Berlin, 1945-1962 / |
| 260 ## - PUBLICATION, DISTRIBUTION, ETC. (IMPRINT) | |
| Place of publication, distribution, etc. | New York : |
| Name of publisher, distributor, etc. | Praeger, |
| Date of publication, distribution, etc. | c1963. |
| 300 ## - PHYSICAL DESCRIPTION | |
| Pagination | 275 p. ; |
| Size | 23 cm. |
| 490 0# - SERIES STATEMENT | |
| Series statement | Books that matter. |
| 504 ## - BIBLIOGRAPHY, ETC. NOTE | |
| Bibliography, etc | Includes bibliographical reference and index. |
| 651 #0 - SUBJECT ADDED ENTRY--GEOGRAPHIC NAME | |
| Geographic name | Berlin (Germany) |
| General subdivision | History |
| Chronological subdivision | 1945-1990 |
| 9 (RLIN) | 79214 |
| Geographic name | Berlin (Germany) |
| General subdivision | History |
| Chronological subdivision | 1945-1990 |
| 9 (RLIN) | 79214 |
| 942 ## - ADDED ENTRY ELEMENTS (KOHA) | |
| Source of classification or shelving scheme | Dewey Decimal Classification |
| Koha item type | Books |
| Lost status | Source of classification or shelving scheme | Damaged status | Not for loan | Collection code | Permanent Location | Current Location | Shelving location | Date acquired | Source of acquisition | Cost, normal purchase price | Total Checkouts | Full call number | Date last seen | Copy number | Koha item type |
|---|---|---|---|---|---|---|---|---|---|---|---|---|---|---|---|
| Dewey Decimal Classification | Added to bundle | Non-fiction | Central Library, University of Rajshahi | Central Library, University of Rajshahi | Reading Room | 11/05/1967 | University book agency | 18.75 | 943.155087 WIC 1963 | 22/03/2014 | C-1 | Books |